书目信息 |
| 题名: |
湖南湖北
|
|
| 作者: | 刘晓南 , 李新风 , 高立 编著 | |
| 分册: | ||
| 出版信息: | 广州 广东旅游出版社 2002.05 |
|
| 页数: | 258页 | |
| 开本: | 19cm | |
| 丛书名: | 藏羚羊自助旅行手册 | |
| 单 册: | ||
| 中图分类: | K928.964 , K928.963 | |
| 科图分类: | ||
| 主题词: | 导游--dao you--湖南省 , 导游--dao you--湖北省 | |
| 电子资源: | ||
| ISBN: | 7-80653-311-7 | |
| 000 | 01082nam 2200313 450 | |
| 001 | 012008979755 | |
| 005 | 20080317173127.64 | |
| 010 | @a7-80653-311-7@dCNY22.00 | |
| 100 | @a20080317d2002 km y0chiy0120 ea | |
| 101 | 0 | @achi |
| 102 | @aCN@b440000 | |
| 105 | @aab z 000yy | |
| 106 | @ar | |
| 200 | 1 | @a湖南湖北@Ahu nan hu bei@f刘晓南 … [等] [编著]@Fliu xiao nan…[deng][bian zhu] |
| 210 | @a广州@c广东旅游出版社@d2002.05 | |
| 215 | @a258页@c图, 地图@d19cm | |
| 225 | 2 | @a藏羚羊自助旅行手册@Acang ling yang zi zhu lu xing shou ce |
| 304 | @a题名页题 : 刘晓南、李新风、高立、王翊春 [编著] | |
| 330 | @a本书内容包括:湖南长沙地区、湘南地区、湘西地区;湖北鄂东地区、鄂西地区的出行指南、实用信息、旅行交通图。 | |
| 410 | 0 | @12001 @a藏羚羊自助旅行手册 |
| 606 | 0 | @a导游@Adao you@y湖南省 |
| 606 | 0 | @a导游@Adao you@y湖北省 |
| 690 | @aK928.964@v4 | |
| 690 | @aK928.963@v4 | |
| 701 | 0 | @a刘晓南@Aliu xiao nan@4编著 |
| 701 | 0 | @a李新风@Ali xin feng@4编著 |
| 701 | 0 | @a高立@Agao li@4编著 |
| 801 | 0 | @aCN@bQSSK@c20080317 |
| 905 | @b20286611-13@dK928.964@eL694@f3 | |
| 湖南湖北/刘晓南 … [等] [编著].-广州:广东旅游出版社,2002.05 |
| 258页:图, 地图;19cm.-(藏羚羊自助旅行手册) |
| ISBN 7-80653-311-7:CNY22.00 |
| 本书内容包括:湖南长沙地区、湘南地区、湘西地区;湖北鄂东地区、鄂西地区的出行指南、实用信息、旅行交通图。 |
| ● |
| 相关链接 |
|
|
|
正题名:湖南湖北
索取号:K928.964/L694
 
预约/预借
| 序号 | 登录号 | 条形码 | 馆藏地/架位号 | 状态 | 备注 |
| 1 | 286611 | 202866112 | 社科库309/309社科库 23排4列5层/ [索取号:K928.964/L694] | 在馆 | |
| 2 | 286612 | 202866121 | 社科库309/309社科库 23排4列5层/ [索取号:K928.964/L694] | 在馆 | |
| 3 | 286613 | 202866130 | 社科库309/309社科库 23排4列5层/ [索取号:K928.964/L694] | 在馆 |